Normal view MARC view

Entry Personal Name

Number of records used in: 1

001 - CONTROL NUMBER

  • control field: 307034

003 - CONTROL NUMBER IDENTIFIER

  • control field: DLC

005 - DATE AND TIME OF LATEST TRANSACTION

  • control field: 20240529151234.0

008 - FIXED-LENGTH DATA ELEMENTS

  • fixed length control field: 180212n| azannabbn |n aaa

010 ## - LIBRARY OF CONGRESS CONTROL NUMBER

  • LC control number: n 2018180988

035 ## - SYSTEM CONTROL NUMBER

  • System control number: (DNLM)1774878

035 ## - SYSTEM CONTROL NUMBER

  • System control number: (OCoLC)oca11197273

040 ## - CATALOGING SOURCE

  • Original cataloging agency: DNLM
  • Language of cataloging: eng
  • Description conventions: rda
  • Transcribing agency: DNLM
  • Modifying agency: DNLM
  • Modifying agency: MY-SjTCS

100 1# - HEADING--PERSONAL NAME

  • Personal name: Southwood, Robin L.

374 ## - OCCUPATION

  • Occupation: College teachers
  • Source of term: lcsh

375 ## - GENDER

  • Gender: male

377 ## - ASSOCIATED LANGUAGE

  • Language code: eng

670 ## - SOURCE DATA FOUND

  • Source citation: Concepts in clinical pharmacokinetics, 2018:
  • Information found: ECIP title page (Robin Southwood, PharmD, BC-ADM, CDE; Clinical Associate Professor, College of Pharmacy, University of Georgia, Athens, Georgia) title page (Robin L. Southwood)